[Event "Wiesbaden op 27th"]
[Site "Wiesbaden"]
[Date "2015.08.30"]
[Round "6"]
[White "Schreer, Maxima"]
[Black "Porstendoerfer, Eric"]
[Result "1-0"]
[WhiteElo "1410"]
[BlackElo "1060"]
[PlyCount "81"]
[EventDate "2015.08.27"]
[EventType "swiss"]
[EventRounds "7"]
[EventCountry "GER"]
[SourceTitle "EXT 2016"]
[Source "ChessBase"]
[SourceDate "2015.10.08"]
[SourceVersion "1"]
[SourceVersionDate "2015.10.08"]
[SourceQuality "1"]

1. e4 d6 2. Nc3 g6 3. Nf3 Bg7 4. Bc4 a6 5. Ng5 e6 6. d3 Ne7 7. Qf3 0-0 8. Qh3 h6 9. Nf3 d5 10. Bb3 e5 11. Qg3 b5 12. Nxd5 Nxd5 13. Bxd5 c6 14. Bb3 a5 15. a4 Kh7 16. Nxe5 Bxe5 17. Qxe5 Re8 18. Qf4 Be6 19. Qxh6+ Kg8 20. Bg5 Qd4 21. 0-0 Qxb2 22. Rfe1 Qg7 23. Qh4 Nd7 24. Rad1 Qh8 25. Qg3 Ne5 26. d4 Ng4 27. h3 Nf6 28. e5 Nh5 29. Qf3 Bxb3 30. cxb3 Rac8 31. Re4 c5 32. Rc1 c4 33. bxc4 bxa4 34. Rh4 Rb8 35. Kf1 Rb3 36. Qe2 a3 37. Qe4 Reb8 38. e6 f5 39. Qd5 Kg7 40. Qd7+ Kg8 41. Qf7# 1-0

[Event "Wiesbaden op 27th"]
[Site "Wiesbaden"]
[Date "2015.08.28"]
[Round "3"]
[White "Kuenitz, Klaus"]
[Black "Schreer, Maxima"]
[Result "1/2-1/2"]
[WhiteElo "1740"]
[BlackElo "1410"]
[PlyCount "45"]
[EventDate "2015.08.27"]
[EventType "swiss"]
[EventRounds "7"]
[EventCountry "GER"]
[SourceTitle "EXT 2016"]
[Source "ChessBase"]
[SourceDate "2015.10.08"]
[SourceVersion "1"]
[SourceVersionDate "2015.10.08"]
[SourceQuality "1"]

1. d4 d5 2. c4 c5 3. cxd5 Qxd5 4. Nc3 Qd8 5. d5 Nf6 6. e4 e5 7. Nf3 Bd6 8. Be2 h6 9. 0-0 0-0 10. Qc2 Bg4 11. Be3 a6 12. Rac1 Nbd7 13. Nd2 b5 14. f3 Bh5 15. b3 Re8 16. Nd1 Bg6 17. a4 b4 18. Nc4 Be7 19. Ndb2 Nh5 20. Nd3 Bg5 21. Qd2 Bxe3+ 22. Qxe3 Qf6 23. Nxc5 1/2-1/2

[Event "Wiesbaden op 27th"]
[Site "Wiesbaden"]
[Date "2015.08.28"]
[Round "2"]
[White "Schreer, Maxima"]
[Black "Schneider, Lutz Peter"]
[Result "1/2-1/2"]
[WhiteElo "1410"]
[BlackElo "1747"]
[PlyCount "92"]
[EventDate "2015.08.27"]
[EventType "swiss"]
[EventRounds "7"]
[EventCountry "GER"]
[SourceTitle "EXT 2016"]
[Source "ChessBase"]
[SourceDate "2015.10.08"]
[SourceVersion "1"]
[SourceVersionDate "2015.10.08"]
[SourceQuality "1"]

1. e4 Nf6 2. Nc3 d5 3. e5 d4 4. exf6 dxc3 5. fxg7 cxd2+ 6. Bxd2 Bxg7 7. Rb1 c6 8. Bc4 Bf5 9. Qf3 Bg6 10. Ne2 e5 11. Nc3 0-0 12. Bd3 Nd7 13. Be3 Qe7 14. 0-0 f5 15. Qh3 e4 16. Bc4+ Kh8 17. Rbd1 Ne5 18. Bb3 f4 19. Bd4 Qg5 20. Be6 Nf3+ 21. Kh1 Nxd4 22. Bg4 h5 23. Be2 Rad8 24. Rc1 Bh6 25. Rfe1 Rf7 26. Bc4 Bf5 27. Nxe4 Bxh3 28. Nxg5 Bxg2+ 29. Kxg2 Rg7 30. h4 Bxg5 31. hxg5 Rxg5+ 32. Kh3 b5 33. Bf7 Rf8 34. Bb3 c5 35. Re4 Nf5 36. Be6 Nd6 37. Re2 Rg6 38. Rd1 Nf5 39. Bxf5 Rxf5 40. Rd8+ Rg8 41. Rxg8+ Kxg8 42. Re4 Rf7 43. Re5 Rd7 44. Rxh5 Rd2 45. Rxc5 Rxf2 46. Rxb5 Rxc2 1/2-1/2

[Event "Eschborn op 11th"]
[Site "Eschborn"]
[Date "2014.09.07"]
[Round "4"]
[White "Schreer, Maxima"]
[Black "Ackermann, Robert"]
[Result "0-1"]
[WhiteElo "920"]
[BlackElo "1602"]
[PlyCount "146"]
[EventDate "2014.09.05"]
[EventType "swiss"]
[EventRounds "5"]
[EventCountry "GER"]
[SourceTitle "EXT 2015"]
[Source "ChessBase"]
[SourceDate "2014.11.20"]
[SourceVersion "1"]
[SourceVersionDate "2014.11.20"]
[SourceQuality "1"]

1. e4 d6 2. Bc4 Nf6 3. Nc3 g6 4. d4 Bg7 5. Nf3 0-0 6. h3 Nxe4 7. Nxe4 d5 8. Bd3 dxe4 9. Bxe4 Nd7 10. 0-0 Nf6 11. Bd3 h6 12. Bf4 a6 13. Qd2 Kh7 14. Rfe1 e6 15. Re2 b5 16. Ne5 Qe8 17. Rae1 Bb7 18. Re3 Nh5 19. Be4 Bxe4 20. Rxe4 Rd8 21. Qc1 Nf6 22. R4e3 Rxd4 23. Rf3 Nh5 24. c3 Rd5 25. c4 Rc5 26. b4 Rxe5 27. Bxe5 Bxe5 28. Rxe5 Qe7 29. Qc2 Ng7 30. a3 Nf5 31. cxb5 Nd4 32. Qe4 Nxf3+ 33. Qxf3 axb5 34. Qd3 Rd8 35. Qb1 Qd7 36. Re1 Qd2 37. Kf1 Rd3 38. Qc1 Qc3 39. g3 Kg7 40. Qa1 Qxa1 41. Rxa1 Rc3 42. Ke1 c5 43. bxc5 Rxc5 44. Rb1 f5 45. Ke2 Rd5 46. Ke3 Kf6 47. Rb4 g5 48. f4 e5 49. fxg5+ hxg5 50. a4 bxa4 51. Rxa4 Rd6 52. h4 gxh4 53. Rxh4 Kg5 54. Kf3 Rd3+ 55. Kg2 e4 56. Rh1 Rd2+ 57. Kf1 Rd1+ 58. Kg2 Rxh1 59. Kxh1 Kg4 60. Kg2 e3 61. Kf1 Kxg3 62. Ke2 f4 63. Kf1 e2+ 64. Kxe2 Kg2 65. Ke1 f3 66. Kd2 f2 67. Ke3 f1Q 68. Kd4 Qb5 69. Ke4 Qc5 70. Kd3 Kf3 71. Kd2 Qc4 72. Kd1 Ke3 73. Ke1 Qe2# 0-1

[Event "Eschborn op 11th"]
[Site "Eschborn"]
[Date "2014.09.05"]
[Round "1"]
[White "Lukas, Anne"]
[Black "Schreer, Maxima"]
[Result "1-0"]
[WhiteElo "1648"]
[BlackElo "920"]
[PlyCount "85"]
[EventDate "2014.09.05"]
[EventType "swiss"]
[EventRounds "5"]
[EventCountry "GER"]
[SourceTitle "EXT 2015"]
[Source "ChessBase"]
[SourceDate "2014.11.20"]
[SourceVersion "1"]
[SourceVersionDate "2014.11.20"]
[SourceQuality "1"]

1. d4 d5 2. c4 c6 3. Nc3 Nf6 4. Bg5 h6 5. Bxf6 exf6 6. e3 Bb4 7. Qb3 Ba5 8. cxd5 cxd5 9. Bb5+ Nc6 10. Nge2 a6 11. Bd3 b5 12. 0-0 Be6 13. Rac1 Bxc3 14. Nxc3 Rc8 15. Qa3 Qb6 16. Ne2 Rd8 17. Nf4 Qc7 18. Qxa6 Rd6 19. Bxb5 Bd7 20. Nxd5 Rxd5 21. Bxc6 Bxc6 22. Qxc6+ Qxc6 23. Rxc6 0-0 24. Rfc1 Rdd8 25. a4 Ra8 26. R1c4 Rfb8 27. g3 Kf8 28. R6c5 Ke7 29. Rb5 Kd6 30. Rxb8 Rxb8 31. b4 Ra8 32. a5 Ra6 33. Kf1 Rc6 34. Rxc6+ Kxc6 35. Ke2 Kb5 36. d5 Kxb4 37. d6 Kc5 38. d7 Kb5 39. d8Q Kc5 40. Qb6+ Kd5 41. Kd3 Ke5 42. e4 f5 43. f4# 1-0

[Event "Wiesbaden op 26th"]
[Site "Wiesbaden"]
[Date "2014.08.30"]
[Round "4"]
[White "Schreer, Maxima"]
[Black "Kunisch, Nina"]
[Result "1/2-1/2"]
[WhiteElo "880"]
[BlackElo "1249"]
[PlyCount "116"]
[EventDate "2014.08.28"]
[EventType "swiss"]
[EventRounds "7"]
[EventCountry "GER"]
[SourceTitle "CBM 162 Extra"]
[Source "ChessBase"]
[SourceDate "2014.10.17"]
[SourceVersion "1"]
[SourceVersionDate "2014.10.17"]
[SourceQuality "1"]

1. e4 c6 2. Nc3 d5 3. exd5 cxd5 4. d4 Nc6 5. Nf3 Bg4 6. Be2 e6 7. a3 Bd6 8. 0-0 Nf6 9. Bg5 Be7 10. Bb5 0-0 11. Qd3 Bxf3 12. Qxf3 Nxd4 13. Qd3 Nxb5 14. Nxb5 Ne4 15. Bf4 a6 16. Nc3 Nxc3 17. Qxc3 Bd6 18. Bd2 Qh4 19. g3 Qc4 20. Qf3 Qxc2 21. Bc3 Qe4 22. Qh5 Qg6 23. Qf3 Qe4 24. Qd1 Be5 25. Re1 Qc4 26. Bxe5 Rfd8 27. Rc1 Qb5 28. Qg4 g6 29. Qh4 Qe8 30. Qf6 Kf8 31. Qg7+ Ke7 32. Rc7+ Rd7 33. Rxd7+ Kxd7 34. Rc1 Rc8 35. Rxc8 Kxc8 36. Qxh7 Kd7 37. Qh4 Qd8 38. Qb4 Kc8 39. Qc5+ Kd7 40. Qa7 Kc6 41. a4 Qa5 42. Bd4 Qe1+ 43. Kg2 Qe4+ 44. Kh3 Qf5+ 45. Kg2 Qe4+ 46. f3 Qc2+ 47. Kh3 Qf5+ 48. g4 Qxf3+ 49. Kh4 Qb3 50. Qc5+ Kd7 51. Be5 Qd1 52. Qd6+ Ke8 53. Bf6 Qe1+ 54. Kg5 Qd2+ 55. Kh4 Qf2+ 56. Kg5 Qd2+ 57. Kh4 Qf2+ 58. Kg5 Qd2+ 1/2-1/2

[Event "Wiesbaden op 26th"]
[Site "Wiesbaden"]
[Date "2014.08.29"]
[Round "2"]
[White "Schreer, Maxima"]
[Black "Roos, Elias"]
[Result "0-1"]
[WhiteElo "880"]
[BlackElo "1648"]
[PlyCount "98"]
[EventDate "2014.08.28"]
[EventType "swiss"]
[EventRounds "7"]
[EventCountry "GER"]
[SourceTitle "CBM 162 Extra"]
[Source "ChessBase"]
[SourceDate "2014.10.17"]
[SourceVersion "1"]
[SourceVersionDate "2014.10.17"]
[SourceQuality "1"]

1. e4 e6 2. Nf3 d5 3. d3 dxe4 4. Ng5 exd3 5. Bxd3 Nf6 6. 0-0 Bd7 7. Nc3 h6 8. Nge4 Nc6 9. Re1 Be7 10. Nxf6+ Bxf6 11. Rb1 Bg5 12. Be3 Bxe3 13. Rxe3 Qe7 14. Nd5 Qd6 15. Bc4 0-0-0 16. Nc3 Qxd1+ 17. Rxd1 Ne7 18. Ne4 Bc6 19. Rxd8+ Rxd8 20. Nc3 Nf5 21. Rd3 Rxd3 22. cxd3 Nh4 23. f3 Kd7 24. Kf2 Nf5 25. g4 Nd4 26. Ke3 Nxf3 27. h3 Ne5 28. Bb5 Bxb5 29. Nxb5 a6 30. Nc3 Nc6 31. a3 Ne7 32. b4 Nd5+ 33. Nxd5 exd5 34. Kd4 Kd6 35. h4 b6 36. Kc3 Ke5 37. d4+ Kf4 38. Kd3 Kxg4 39. a4 Kxh4 40. b5 a5 41. Ke3 g5 42. Kf3 Kh3 43. Kf2 g4 44. Kg1 Kg3 45. Kh1 Kf2 46. Kh2 g3+ 47. Kh3 g2 48. Kg4 g1Q+ 49. Kf5 Qg5# 0-1

[Event "Hessen-ch U12"]
[Site "Bad Homburg"]
[Date "2014.??.??"]
[Round "2"]
[White "Kersten, Jan Leon"]
[Black "Schreer, Maxima"]
[Result "1-0"]
[WhiteElo "706"]
[BlackElo "914"]
[PlyCount "67"]
[EventDate "2014.04.??"]
[EventType "swiss"]
[EventRounds "9"]
[EventCountry "GER"]
[SourceTitle "EXT 2022"]
[Source "ChessBase"]
[SourceDate "2021.10.06"]
[SourceVersion "1"]
[SourceVersionDate "2021.10.06"]
[SourceQuality "1"]

1. e4 e5 2. Nf3 Nc6 3. Nc3 Nf6 4. d3 h6 5. Be2 Bc5 6. Nxe5 Nxe5 7. d4 Bd6 8. dxe5 Bxe5 9. Bb5 a6 10. Ba4 b5 11. Bb3 c6 12. 0-0 0-0 13. Be3 a5 14. a3 a4 15. Ba2 d6 16. Bd4 Ng4 17. Bxe5 Nxe5 18. Qd2 Qf6 19. Rfe1 Qg5 20. Re3 Ra6 21. Rg3 Qh5 22. Ne2 Nc4 23. Bxc4 bxc4 24. Nf4 Qh4 25. Qxd6 c5 26. Qe5 f6 27. Qc7 g5 28. Ng6 Qxe4 29. Nxf8 Rc6 30. Qd8 Qxc2 31. Re3 Bf5 32. Re7 Rc8 33. Qd5+ Kxf8 34. Qf7# 1-0

[Event "Hessen-ch U12"]
[Site "Bad Homburg"]
[Date "2014.??.??"]
[Round "1"]
[White "Schreer, Maxima"]
[Black "Flach, Helene"]
[Result "0-1"]
[WhiteElo "914"]
[BlackElo "1657"]
[PlyCount "70"]
[EventDate "2014.04.??"]
[EventType "swiss"]
[EventRounds "9"]
[EventCountry "GER"]
[SourceTitle "EXT 2022"]
[Source "ChessBase"]
[SourceDate "2021.10.06"]
[SourceVersion "1"]
[SourceVersionDate "2021.10.06"]
[SourceQuality "1"]

1. e4 e5 2. Nf3 Nc6 3. Nc3 Nf6 4. Bc4 Nxe4 5. d3 Nf6 6. Be3 d5 7. Bb3 Bb4 8. Bd2 Bg4 9. h3 Be6 10. a3 Bc5 11. 0-0 Qe7 12. Re1 d4 13. Ne4 Nxe4 14. dxe4 0-0-0 15. Rc1 Bxb3 16. cxb3 d3 17. b4 Bb6 18. Bg5 f6 19. Bd2 Nd4 20. Rc3 Ne2+ 21. Rxe2 dxe2 22. Qxe2 Bd4 23. Rc4 Bxb2 24. a4 Bd4 25. b5 Qd7 26. Qd3 Bxf2+ 27. Kxf2 Qxd3 28. Rc1 Qa3 29. Rc3 Rxd2+ 30. Nxd2 Qxc3 31. Nf3 Qc2+ 32. Kg3 h5 33. h4 Rh6 34. Kh3 Rg6 35. Kh2 Qxg2# 0-1

[Event "Rhein Main op-B 16th"]
[Site "Bad Homburg"]
[Date "2013.05.31"]
[Round "4"]
[White "Schreer, Maxima"]
[Black "Happel, Juergen"]
[Result "0-1"]
[WhiteElo "948"]
[BlackElo "1544"]
[PlyCount "122"]
[EventDate "2013.05.29"]
[EventType "swiss"]
[EventRounds "7"]
[EventCountry "GER"]
[SourceTitle "EXT 2014"]
[Source "ChessBase"]
[SourceDate "2013.11.20"]
[SourceVersion "1"]
[SourceVersionDate "2013.11.20"]
[SourceQuality "1"]

1. e4 e5 2. Nf3 Nc6 3. Bc4 h6 4. a3 d6 5. h3 Nf6 6. d3 Be7 7. Nc3 0-0 8. 0-0 a6 9. b4 b5 10. Bd5 Bb7 11. Nh4 Nxd5 12. exd5 Bxh4 13. dxc6 Bxc6 14. Qg4 Bg5 15. Bxg5 Qxg5 16. Qxg5 hxg5 17. Rae1 f6 18. f3 Kf7 19. g4 Rh8 20. Kh2 g6 21. Rg1 Bxf3 22. Rg3 Bc6 23. Ne4 Bxe4 24. dxe4 a5 25. Ree3 axb4 26. axb4 Ra2 27. Rg2 Rha8 28. Rc3 R8a7 29. Rc6 Rb2 30. Kg3 Rxb4 31. Rc3 Rxe4 32. Kf3 Rea4 33. Kf2 Ra3 34. Rgg3 Rxc3 35. Rxc3 c5 36. Rb3 b4 37. c4 Ra2+ 38. Ke1 Ra3 39. Rb2 Rc3 40. Rd2 Ke6 41. Rd1 Rxh3 42. Rd2 Rh1+ 43. Ke2 Rh2+ 44. Kd3 Rxd2+ 45. Kxd2 f5 46. gxf5+ gxf5 47. Ke3 b3 48. Kd2 g4 49. Kc3 g3 50. Kxb3 g2 51. Kc3 g1Q 52. Kd3 Qd4+ 53. Ke2 Qxc4+ 54. Ke3 Qd4+ 55. Kf3 c4 56. Ke2 c3 57. Kf3 c2 58. Ke2 Qc3 59. Kf2 c1Q 60. Ke2 Q1c2+ 61. Kf1 Qa1# 0-1

[Event "Rhein Main op-B 16th"]
[Site "Bad Homburg"]
[Date "2013.05.29"]
[Round "1"]
[White "Philipp, Jan"]
[Black "Schreer, Maxima"]
[Result "1-0"]
[WhiteElo "1700"]
[BlackElo "948"]
[PlyCount "59"]
[EventDate "2013.05.29"]
[EventType "swiss"]
[EventRounds "7"]
[EventCountry "GER"]
[SourceTitle "EXT 2014"]
[Source "ChessBase"]
[SourceDate "2013.11.20"]
[SourceVersion "1"]
[SourceVersionDate "2013.11.20"]
[SourceQuality "1"]

1. d4 d5 2. e4 e6 3. e5 c5 4. c3 cxd4 5. cxd4 Nc6 6. a3 a6 7. Nf3 h6 8. Bd2 f6 9. Bd3 Nge7 10. 0-0 Nf5 11. Bxf5 exf5 12. Re1 Be7 13. exf6 gxf6 14. Nc3 Qd6 15. Nh4 Be6 16. Ng6 Rh7 17. Bf4 Qd7 18. Qd3 Rg7 19. Nxe7 Qxe7 20. Nxd5 Qf7 21. Nc7+ Kf8 22. Nxe6+ Kg8 23. Nxg7 Qxg7 24. Re3 Qg4 25. Rg3 Qxg3 26. Qxg3+ Kf7 27. Qb3+ Ke7 28. Re1+ Kd7 29. Qxb7+ Kd8 30. Qc7# 1-0

[Event "Hessen-ch U12"]
[Site "Bad Homburg"]
[Date "2013.??.??"]
[Round "3"]
[White "Schreer, Maxima"]
[Black "Lange, Lars"]
[Result "0-1"]
[WhiteElo "891"]
[BlackElo "1235"]
[PlyCount "116"]
[EventDate "2013.03.??"]
[EventType "swiss"]
[EventRounds "9"]
[EventCountry "GER"]
[SourceTitle "EXT 2014"]
[Source "ChessBase"]
[SourceDate "2013.11.20"]
[SourceVersion "1"]
[SourceVersionDate "2013.11.20"]
[SourceQuality "1"]

1. e4 e6 2. Nc3 d5 3. d3 c5 4. Nf3 Nc6 5. Bf4 Bd6 6. Bxd6 Qxd6 7. Nb5 Qd8 8. Be2 Nf6 9. exd5 exd5 10. 0-0 a6 11. Nc3 0-0 12. d4 cxd4 13. Nxd4 Nxd4 14. Qxd4 Be6 15. Bf3 Qd6 16. Rae1 Rfd8 17. h3 Rd7 18. Bg4 Bxg4 19. hxg4 h6 20. f3 Rc8 21. Kf2 Qc5 22. Qxc5 Rxc5 23. Re5 Rc4 24. g5 hxg5 25. Rxg5 d4 26. Ne4 Nxe4+ 27. fxe4 Rxc2+ 28. Kf3 d3 29. Rd1 d2 30. Ke2 Rxb2 31. Rd5 Rxd5 32. exd5 Rxa2 33. d6 Kf8 34. Kd3 Ke8 35. Kd4 Kd7 36. Kd5 b5 37. Kc5 Rb2 38. Kd5 b4 39. Kc4 Kxd6 40. Kd3 a5 41. Kc4 a4 42. Ra1 a3 43. g3 b3 44. Kc3 Ra2 45. Rb1 b2 46. Kxd2 Ra1 47. Rxa1 bxa1Q 48. Ke3 Qc3+ 49. Ke4 Qxg3 50. Kd4 Qe5+ 51. Kc4 Qd5+ 52. Kc3 Qe4 53. Kd2 Qf3 54. Kc2 Qe3 55. Kd1 Qf2 56. Kc1 Qb2+ 57. Kd1 a2 58. Ke1 a1R# 0-1

[Event "Frankfurt-chB"]
[Site "Frankfurt"]
[Date "2012.06.11"]
[Round "6"]
[White "Schreer, Maxima"]
[Black "Paetzke, Arthur"]
[Result "1-0"]
[WhiteElo "745"]
[BlackElo "828"]
[PlyCount "61"]
[EventDate "2012.04.30"]
[EventType "swiss"]
[EventRounds "7"]
[EventCountry "GER"]
[SourceTitle "EXT 2013"]
[Source "ChessBase"]
[SourceDate "2012.11.22"]
[SourceVersion "1"]
[SourceVersionDate "2012.11.22"]
[SourceQuality "1"]

1. e4 e5 2. Nf3 Nc6 3. Nc3 Bc5 4. Bc4 d6 5. 0-0 Nf6 6. d3 0-0 7. h3 Nd4 8. Bg5 Qe7 9. a3 a5 10. Nd5 Qd8 11. Bxf6 gxf6 12. Nxd4 Bxd4 13. Rb1 c6 14. Nc3 Bxc3 15. bxc3 d5 16. exd5 cxd5 17. Bb5 Qe7 18. a4 e4 19. Qh5 Rd8 20. c4 Be6 21. dxe4 dxe4 22. Rfe1 f5 23. f3 Qc5+ 24. Kh1 e3 25. Qg5+ Kf8 26. Rxe3 Qd4 27. Qh6+ Kg8 28. Rbe1 Rd6 29. f4 Qd2 30. Rg3+ Kh8 31. Qg7# 1-0

[Event "Rhein Main op-B 15th"]
[Site "Bad Homburg"]
[Date "2012.06.09"]
[Round "6"]
[White "Schreer, Maxima"]
[Black "Hafensteiner, Tim"]
[Result "0-1"]
[WhiteElo "745"]
[BlackElo "957"]
[PlyCount "56"]
[EventDate "2012.06.06"]
[EventType "swiss"]
[EventRounds "7"]
[EventCountry "GER"]
[SourceTitle "EXT 2013"]
[Source "ChessBase"]
[SourceDate "2012.11.22"]
[SourceVersion "1"]
[SourceVersionDate "2012.11.22"]
[SourceQuality "1"]

1. e4 e6 2. Nf3 d5 3. Bd3 Bc5 4. Nc3 Ne7 5. 0-0 0-0 6. Ng5 h6 7. Nh3 Nbc6 8. Qh5 Nb4 9. e5 Nxd3 10. cxd3 Bd7 11. Qe2 Nf5 12. Nf4 Nd4 13. Qe3 Nb3 14. Qg3 Nxa1 15. b3 Nc2 16. Nh5 Qg5 17. Qh3 Qxe5 18. Bb2 Ba3 19. Qg4 Bxb2 20. Ne2 Qf5 21. Qh4 Qxd3 22. Qg4 Bb5 23. h3 Qxe2 24. Qg3 Be5 25. f4 Qxf1+ 26. Kh2 Bb2 27. d4 Bxd4 28. a4 Qg1# 0-1

[Event "Rhein Main op-B 15th"]
[Site "Bad Homburg"]
[Date "2012.06.07"]
[Round "3"]
[White "Schreer, Maxima"]
[Black "Droeser, Wolfgang"]
[Result "1/2-1/2"]
[WhiteElo "745"]
[BlackElo "1253"]
[PlyCount "149"]
[EventDate "2012.06.06"]
[EventType "swiss"]
[EventRounds "7"]
[EventCountry "GER"]
[SourceTitle "EXT 2013"]
[Source "ChessBase"]
[SourceDate "2012.11.22"]
[SourceVersion "1"]
[SourceVersionDate "2012.11.22"]
[SourceQuality "1"]

1. e4 d6 2. Nf3 g6 3. Nc3 c6 4. d4 Bg7 5. Be3 Qc7 6. Bc4 e6 7. e5 d5 8. Bd3 Ne7 9. Ng5 0-0 10. Qg4 h5 11. Qh4 Nf5 12. Bxf5 exf5 13. g4 fxg4 14. Ne2 f6 15. exf6 Bxf6 16. Nf4 Bxg5 17. Qxg5 Bf5 18. Nxg6 Rf7 19. Qh6 Bxg6 20. Qxg6+ Rg7 21. Qe8+ Kh7 22. h3 g3 23. Qxh5+ Kg8 24. fxg3 Qxg3+ 25. Bf2 Re7+ 26. Kf1 Qc7 27. Rg1+ Rg7 28. Qe8+ Kh7 29. h4 Rxg1+ 30. Kxg1 Qg7+ 31. Kh2 Qh6 32. Rg1 Qf4+ 33. Kh1 Qe4+ 34. Qxe4+ dxe4 35. Rg4 Nd7 36. Rxe4 Kg6 37. Re7 Rd8 38. Re6+ Kh5 39. Kg2 Rg8+ 40. Kh3 Rf8 41. Be3 Rf6 42. Re4 Rf3+ 43. Kg2 Rf7 44. Kg3 Rg7+ 45. Bg5 Nf6 46. Re6 Ng8 47. Re8 Nf6 48. Rh8+ Nh7 49. Kf4 Kg6 50. Kg4 Kf7 51. Rd8 Ke6 52. Re8+ Kd5 53. Rd8+ Kc4 54. b3+ Kc3 55. Kf5 Kxc2 56. Re8 Rd7 57. Re2+ Kb1 58. Ke4 b6 59. Kd3 c5 60. Rc2 Nxg5 61. hxg5 Rxd4+ 62. Kc3 Rg4 63. Rd2 Rg1 64. Rc2 Rxg5 65. Rb2+ Kc1 66. Rd2 Rg3+ 67. Rd3 Rxd3+ 68. Kxd3 Kb2 69. Kc4 Kxa2 70. Kc3 b5 71. b4 cxb4+ 72. Kxb4 a6 73. Ka5 b4 74. Kxb4 a5+ 75. Kxa5 1/2-1/2